| 000 | 00608nam a2200169 i 4500 | ||
|---|---|---|---|
| 001 | 38848 | ||
| 003 | ES-MaACL | ||
| 005 | 20230906155833.0 | ||
| 007 | t| | ||
| 008 | 030226s1935 sp ||||1| spa d | ||
| 100 | 1 |
_aCalvo, Agustín. _933831 |
|
| 245 | 1 | 0 |
_aAmenidades artísticas _b: "recuerdos y anécdotas de los más grandes cantantes del mundo de otros días : graciosos, auténticos sucedidos y descriptivos teatrales" / _cpor Agustín Calvo ; prólogo de Luis Gabaldón. |
| 260 |
_aMadrid : _bMurillo, _c1935. |
||
| 300 | _a79 p. | ||
| 700 | 1 |
_aGabaldón, Luis. _953114 |
|
| 852 |
_aES-MaACL _j1819-F-6 |
||
| 999 |
_c38848 _d38848 |
||